000
00279nam a22001337a 4500
008
170629b xxu||||| |||| 00| 0 eng d
020
_a
039912425-X
041
_a
eng
080
_a
82
100
_a
22
101
_a
GJL
245
_a
LETTERS A NOVEL
_c
BARTH,J
942
_2
udc
_c
BK
999
_c
19549
_d
19549